[Event "Ceske Budejovice Clarion"]
[Site "Ceske Budejovice"]
[Date "2021.07.08"]
[Round "8"]
[White "Babula, Vlastimil"]
[Black "Khenkin, Igor"]
[Result "1/2-1/2"]
[WhiteElo "2563"]
[BlackElo "2539"]
[PlyCount "25"]
[EventDate "2021.07.01"]
[EventType "tourn"]
[EventRounds "9"]
[EventCountry "CZE"]
[EventCategory "8"]
[SourceTitle "CBM 203 Extra"]
[Source "ChessBase"]
[SourceDate "2021.09.30"]
[SourceVersion "1"]
[SourceVersionDate "2021.09.30"]
[SourceQuality "1"]

1. d4 d5 2. c4 c6 3. Nf3 Nf6 4. cxd5 cxd5 5. Nc3 Nc6 6. Bf4 Bf5 7. e3 e6 8. Bd3 Bxd3 9. Qxd3 Bd6 10. Bxd6 Qxd6 11. 0-0 0-0 12. Rfc1 Rfc8 13. h3 1/2-1/2

[Event "Ceske Budejovice Clarion"]
[Site "Ceske Budejovice"]
[Date "2021.07.04"]
[Round "4"]
[White "Reuker, Jari"]
[Black "Khenkin, Igor"]
[Result "1/2-1/2"]
[WhiteElo "2410"]
[BlackElo "2539"]
[PlyCount "53"]
[EventDate "2021.07.01"]
[EventType "tourn"]
[EventRounds "9"]
[EventCountry "CZE"]
[EventCategory "8"]
[SourceTitle "CBM 203 Extra"]
[Source "ChessBase"]
[SourceDate "2021.09.30"]
[SourceVersion "1"]
[SourceVersionDate "2021.09.30"]
[SourceQuality "1"]

1. e4 c5 2. Nf3 e6 3. d4 cxd4 4. Nxd4 Nf6 5. Nc3 Nc6 6. Ndb5 Bc5 7. Bf4 0-0 8. Bc7 Qe7 9. Bd6 Bxd6 10. Qxd6 Qd8 11. 0-0-0 a6 12. Nd4 Ne7 13. h4 b5 14. h5 h6 15. g4 Bb7 16. Bd3 Nc6 17. Nxc6 Bxc6 18. Rhg1 Qb8 19. Qxb8 Raxb8 20. e5 Nh7 21. f4 f6 22. exf6 Nxf6 23. g5 hxg5 24. Rxg5 Kf7 25. Rdg1 Rg8 26. Bg6+ Ke7 27. Bd3 1/2-1/2

[Event "Ceske Budejovice Clarion"]
[Site "Ceske Budejovice"]
[Date "2021.07.03"]
[Round "3"]
[White "Khenkin, Igor"]
[Black "Haring, Filip"]
[Result "1/2-1/2"]
[WhiteElo "2539"]
[BlackElo "2395"]
[PlyCount "61"]
[EventDate "2021.07.01"]
[EventType "tourn"]
[EventRounds "9"]
[EventCountry "CZE"]
[EventCategory "8"]
[SourceTitle "CBM 203 Extra"]
[Source "ChessBase"]
[SourceDate "2021.09.30"]
[SourceVersion "1"]
[SourceVersionDate "2021.09.30"]
[SourceQuality "1"]

1. d4 Nf6 2. c4 e6 3. Nf3 d5 4. Nc3 dxc4 5. e3 a6 6. a4 c5 7. Bxc4 cxd4 8. exd4 Bb4 9. 0-0 0-0 10. Bg5 Nbd7 11. Re1 Qa5 12. Qd3 Qf5 13. Qe2 b6 14. Bd3 Qg4 15. h3 Qh5 16. Qd2 Bb7 17. Ne5 Nxe5 18. dxe5 h6 19. Bxf6 gxf6 20. exf6 Qh4 21. Qe2 Qxf6 22. Be4 Bxc3 23. bxc3 Bxe4 24. Qxe4 Qxc3 25. Rab1 Rac8 26. Re3 Rc4 27. Qf3 Qd4 28. Qh5 Qf4 29. Rbe1 Rc5 30. Qe2 Rc4 31. Qh5 1/2-1/2

[Event "Ceske Budejovice Clarion"]
[Site "Ceske Budejovice"]
[Date "2021.07.02"]
[Round "2"]
[White "Kraus, Tomas"]
[Black "Khenkin, Igor"]
[Result "1/2-1/2"]
[WhiteElo "2459"]
[BlackElo "2539"]
[PlyCount "31"]
[EventDate "2021.07.01"]
[EventType "tourn"]
[EventRounds "9"]
[EventCountry "CZE"]
[EventCategory "8"]
[SourceTitle "CBM 203 Extra"]
[Source "ChessBase"]
[SourceDate "2021.09.30"]
[SourceVersion "1"]
[SourceVersionDate "2021.09.30"]
[SourceQuality "1"]

1. e4 c6 2. d4 d5 3. e5 c5 4. dxc5 e6 5. a3 Bxc5 6. Qg4 Ne7 7. Nf3 Ng6 8. Bd3 Nc6 9. 0-0 Bd7 10. Nbd2 Qc7 11. Re1 Ncxe5 12. Nxe5 Nxe5 13. Qxg7 Nxd3 14. cxd3 0-0-0 15. Nf3 Rhg8 16. Qe5 1/2-1/2

[Event "Bundesliga 1920"]
[Site "Germany"]
[Date "2020.02.22"]
[Round "7.3"]
[White "Khenkin, Igor"]
[Black "Tari, Aryan"]
[Result "1/2-1/2"]
[WhiteElo "2545"]
[BlackElo "2629"]
[PlyCount "54"]
[EventDate "2019.11.23"]
[EventType "team-tourn"]
[EventRounds "15"]
[EventCountry "GER"]
[SourceTitle "CBM 195 Extra"]
[Source "ChessBase"]
[SourceDate "2020.05.31"]
[SourceVersion "1"]
[SourceVersionDate "2020.05.31"]
[SourceQuality "1"]
[WhiteTeam "Kiel Turm"]
[BlackTeam "Solingen"]
[WhiteTeamCountry "GER"]
[BlackTeamCountry "GER"]

1. d4 Nf6 2. c4 g6 3. Nc3 d5 4. cxd5 Nxd5 5. e4 Nxc3 6. bxc3 Bg7 7. Nf3 c5 8. Be3 Qa5 9. Qd2 0-0 10. Rc1 Rd8 11. Be2 cxd4 12. cxd4 Qxd2+ 13. Bxd2 b6 14. 0-0 Bb7 15. d5 Na6 16. Bg5 Kf8 17. Be3 Rac8 18. Nd2 Nb4 19. Bc4 Ba6 20. Bxa6 Nxa6 21. Nb3 Nb4 22. Rxc8 Rxc8 23. Rc1 Rxc1+ 24. Nxc1 Ke8 25. Kf1 Kd7 26. Ke2 e6 27. Bd2 Na6 1/2-1/2

[Event "Wiesbaden op 31st"]
[Site "Wiesbaden"]
[Date "2019.08.24"]
[Round "4"]
[White "Khenkin, Igor"]
[Black "Haack, Kevin"]
[Result "1-0"]
[WhiteElo "2547"]
[BlackElo "2031"]
[PlyCount "143"]
[EventDate "2019.08.22"]
[EventType "swiss"]
[EventRounds "7"]
[EventCountry "GER"]
[SourceTitle "EXT 2020"]
[Source "ChessBase"]
[SourceDate "2019.10.17"]
[SourceVersion "1"]
[SourceVersionDate "2019.10.17"]
[SourceQuality "1"]

1. d4 d5 2. c4 e6 3. Nf3 Nf6 4. Nc3 Be7 5. Bg5 Nbd7 6. e3 c6 7. Qc2 0-0 8. Rd1 Re8 9. a3 a5 10. h3 b6 11. cxd5 exd5 12. Bd3 Ba6 13. Bxa6 Rxa6 14. 0-0 Ra8 15. Bxf6 Nxf6 16. Ne5 Rc8 17. Qa4 Qc7 18. Rc1 Bd6 19. Nf3 Qb7 20. Rc2 Qa6 21. Na2 b5 22. Qb3 Ne4 23. Rfc1 h6 24. Nc3 a4 25. Qa2 Nf6 26. Qb1 Qb7 27. Re2 Ne4 28. Qd3 Qd7 29. Rec2 Qb7 30. Nd2 f5 31. f4 Nxd2 32. Rxd2 Qd7 33. Rdc2 g6 34. Kf2 Rc7 35. Ne2 Kh7 36. Ng1 Rcc8 37. Nf3 Re7 38. g4 Rf7 39. Rg1 Rg8 40. Rc3 Rc8 41. Qc2 fxg4 42. hxg4 Qe8 43. Rh1 Kg7 44. Kg3 Qe4 45. Qh2 Rh8 46. Kf2 Rc7 47. Nd2 Qe7 48. Qg2 Qf7 49. Nf3 Rh7 50. Rhc1 Qe8 51. Ne5 Bxe5 52. dxe5 Kh8 53. Qg3 Qe6 54. Ke2 h5 55. Rg1 hxg4 56. Qxg4 Qxg4+ 57. Rxg4 Rh6 58. Rc5 Kg7 59. Kd3 Kf7 60. Rg2 Ke6 61. Kd4 Kd7 62. Rc1 Rc8 63. Kc5 Rb8 64. Rcg1 Rg8 65. f5 Rg7 66. Rxg6 Rgh7 67. Rxh6 Rxh6 68. Rg7+ Kd8 69. f6 Rh5 70. Kd6 Ke8 71. e6 Kf8 72. Ra7 1-0

[Event "Wiesbaden op 31st"]
[Site "Wiesbaden"]
[Date "2019.08.22"]
[Round "1"]
[White "Stork, Christopher"]
[Black "Khenkin, Igor"]
[Result "0-1"]
[WhiteElo "1905"]
[BlackElo "2547"]
[PlyCount "58"]
[EventDate "2019.08.22"]
[EventType "swiss"]
[EventRounds "7"]
[EventCountry "GER"]
[SourceTitle "EXT 2020"]
[Source "ChessBase"]
[SourceDate "2019.10.17"]
[SourceVersion "1"]
[SourceVersionDate "2019.10.17"]
[SourceQuality "1"]

1. e4 c6 2. d4 d5 3. e5 c5 4. c3 Nc6 5. Nf3 Bg4 6. Be2 e6 7. 0-0 Nge7 8. Na3 Bxf3 9. Bxf3 cxd4 10. cxd4 Nf5 11. Nc2 Qb6 12. Be3 Be7 13. b3 0-0 14. Bg4 Nxe3 15. fxe3 Rac8 16. Qd3 Rc7 17. Rf2 Rfc8 18. Rxf7 Nb4 19. Nxb4 Kxf7 20. Qxh7 Rc1+ 21. Rxc1 Rxc1+ 22. Kf2 Bxb4 23. Bh5+ Ke7 24. Qxg7+ Kd8 25. Qg8+ Kc7 26. Be2 Qc6 27. h4 Qc2 28. Qf7+ Kb8 29. Qxe6 Be1+ 0-1

[Event "Rhein Main op-A 22nd"]
[Site "Bad Homburg"]
[Date "2019.06.22"]
[Round "5"]
[White "Hasangatin, Ramil"]
[Black "Khenkin, Igor"]
[Result "1/2-1/2"]
[WhiteElo "2474"]
[BlackElo "2548"]
[PlyCount "26"]
[EventDate "2019.06.19"]
[EventType "swiss"]
[EventRounds "9"]
[EventCountry "GER"]
[SourceTitle "EXT 2020"]
[Source "ChessBase"]
[SourceDate "2019.10.17"]
[SourceVersion "1"]
[SourceVersionDate "2019.10.17"]
[SourceQuality "1"]

1. e4 c6 2. d4 d5 3. Nd2 dxe4 4. Nxe4 Bf5 5. Ng3 Bg6 6. Bc4 e6 7. N1e2 Bd6 8. Nf4 Nf6 9. c3 Qe7 10. Qf3 Nbd7 11. Bb3 e5 12. Nxg6 hxg6 13. Be3 exd4 1/2-1/2

[Event "Frankfurt-chA"]
[Site "Frankfurt"]
[Date "2019.06.03"]
[Round "6"]
[White "Milov, Leonid"]
[Black "Khenkin, Igor"]
[Result "1/2-1/2"]
[WhiteElo "2456"]
[BlackElo "2512"]
[PlyCount "30"]
[EventDate "2019.04.29"]
[EventType "swiss"]
[EventRounds "7"]
[EventCountry "GER"]
[SourceTitle "EXT 2020"]
[Source "ChessBase"]
[SourceDate "2019.10.17"]
[SourceVersion "1"]
[SourceVersionDate "2019.10.17"]
[SourceQuality "1"]

1. e4 c5 2. Nc3 e6 3. Nf3 a6 4. d4 cxd4 5. Nxd4 Qc7 6. Qf3 d6 7. Be3 Nd7 8. Qg3 b5 9. a3 Ngf6 10. 0-0-0 Rb8 11. f3 h5 12. Be2 e5 13. Nb3 Nb6 14. f4 h4 15. Qe1 Bb7 1/2-1/2

[Event "Frankfurt-chA"]
[Site "Frankfurt"]
[Date "2019.05.27"]
[Round "5"]
[White "Khenkin, Igor"]
[Black "Weber, Samuel"]
[Result "1-0"]
[WhiteElo "2512"]
[BlackElo "2147"]
[PlyCount "73"]
[EventDate "2019.04.29"]
[EventType "swiss"]
[EventRounds "7"]
[EventCountry "GER"]
[SourceTitle "EXT 2020"]
[Source "ChessBase"]
[SourceDate "2019.10.17"]
[SourceVersion "1"]
[SourceVersionDate "2019.10.17"]
[SourceQuality "1"]

1. Nf3 Nf6 2. c4 e6 3. Nc3 Bb4 4. Qc2 0-0 5. a3 Bxc3 6. Qxc3 d6 7. d4 Ne4 8. Qc2 f5 9. g3 a5 10. Bg2 Nd7 11. 0-0 c6 12. Nh4 g5 13. Bxe4 fxe4 14. Ng2 d5 15. Qd2 g4 16. Qh6 Qf6 17. Qh5 Qg6 18. Qh4 Nf6 19. Bg5 Bd7 20. Rac1 Ne8 21. Nf4 Qf5 22. h3 gxh3 23. g4 Qf7 24. Rc3 Qg7 25. Rxh3 Rf7 26. e3 dxc4 27. Bh6 Qf6 28. Bg5 Qg7 29. Bh6 Qf6 30. g5 Qf5 31. Rg3 Ng7 32. g6 hxg6 33. Rxg6 Re8 34. Kh2 Ree7 35. Rfg1 e5 36. Bxg7 Rxg7 37. Qxe7 1-0